Statistics for Countries with the Most Summer Olympics Medals

Click here to take the quiz!

General Stats

  • This quiz has been taken 384 times
  • The average score is 16 of 20

Answer Stats

#Country% Correct
2,520United States
100%
543China
98%
713France
98%
847Great Britain
97%
615Germany
96%
446Russia
96%
439Japan
94%
497Australia
93%
301Canada
93%
543Italy
92%
494Sweden
81%
264South Korea
80%
1,010Soviet Union
77%
282Poland
74%
285Netherlands
73%
303Finland
54%
476Hungary
54%
306Romania
54%
409East Germany
48%
220Cuba
32%

Score Distribution

Percentile by Number Answered

Percent of People with Each Score

Your Score History

You have not taken this quiz